Statistics for New Zealand All Blacks Rugby - 2013 The Perfect Season

Click here to take the quiz!

General Stats

  • This quiz has been taken 116 times
  • The average score is 16 of 23

Answer Stats

Question Answer % Correct
Captain (8 Tests)Richard McCaw
100%
Captain (6 Tests)Kieran Read
96%
Most Points (107)Aaron Cruden
94%
Auckland
86%
Most Appearances (14)Ben Smith
85%
Most Tries (11)Ben Smith
85%
Sydney
84%
Dublin
78%
London
78%
Dunedin
77%
Wellington
77%
Closest Win (opponent)Ireland
76%
Hamilton
70%
Christchurch
70%
Paris
70%
Johannesburg
65%
Opponent Held ScorelessFrance
62%
RWC winner who played final testAndrew Hore
53%
Biggest Win (opponent)Japan
45%
Venue (cities)Tokyo
44%
New Plymouth
41%
RWC winner who played final testPiri Weepu
36%
La Plata
26%

Score Distribution

Percentile by Number Answered

Percent of People with Each Score

Your Score History

You have not taken this quiz